[Event "AUT-chT2W 0607"]
[Site "Austria"]
[Date "2007.01.26"]
[Round "7.4"]
[White "Atlas, Dimitry"]
[Black "Hager, Franz"]
[Result "1/2-1/2"]
[WhiteElo "2294"]
[BlackElo "2237"]
[PlyCount "82"]
[EventDate "2006.10.21"]
[EventType "team-tourn"]
[EventRounds "11"]
[EventCountry "AUT"]
[SourceTitle "EXT 2008"]
[Source "ChessBase"]
[SourceDate "2007.11.25"]
[SourceVersion "1"]
[SourceVersionDate "2007.11.25"]
[SourceQuality "1"]

1. e4 g6 2. d4 d6 3. Nc3 Bg7 4. Be3 a6 5. Qd2 b5 6. a3 Nd7 7. h4 h5 8. Nf3 c5 9. Ng5 Bb7 10. Nd5 Ngf6 11. c4 0-0 12. f3 cxd4 13. Bxd4 Nc5 14. Bxc5 dxc5 15. Rd1 Nxd5 16. cxd5 Qd6 17. f4 Rad8 18. Be2 c4 19. 0-0 e6 20. Bf3 exd5 21. exd5 Qf6 22. Rf2 Rfe8 23. g3 Qf5 24. Bg2 Bf8 25. Kh2 Bc5 26. Re2 Rxe2 27. Qxe2 Qg4 28. Bf3 Qf5 29. Bg2 Bf8 30. Ne4 Bc8 31. Rd2 Kg7 32. Qf2 Kh8 33. Qb6 Qd7 34. d6 Qe8 35. Nc5 Kh7 36. Ne4 Bf5 37. Ng5+ Kg8 38. Bd5 Rd7 39. Nxf7 Rxf7 40. Bxf7+ Kxf7 41. d7 Bxd7 1/2-1/2

[Event "AUT-chT2W 0607"]
[Site "Austria"]
[Date "2007.01.26"]
[Round "6.3"]
[White "Hager, Franz"]
[Black "Gattenloehner, Sebastian"]
[Result "1/2-1/2"]
[WhiteElo "2237"]
[BlackElo "2232"]
[PlyCount "55"]
[EventDate "2006.10.21"]
[EventType "team-tourn"]
[EventRounds "11"]
[EventCountry "AUT"]
[SourceTitle "EXT 2008"]
[Source "ChessBase"]
[SourceDate "2007.11.25"]
[SourceVersion "1"]
[SourceVersionDate "2007.11.25"]
[SourceQuality "1"]

1. d4 d5 2. c4 c6 3. Nf3 Nf6 4. e3 e6 5. Nc3 Nbd7 6. Qc2 Bd6 7. Be2 0-0 8. 0-0 a6 9. e4 dxe4 10. Nxe4 Nxe4 11. Qxe4 h6 12. Rd1 c5 13. Bd3 Nf6 14. Qh4 cxd4 15. Nxd4 Nd7 16. Qe4 Nf6 17. Qh4 Nd7 18. Qxd8 Rxd8 19. Be3 Ne5 20. Be2 Bd7 21. Nb3 Ba4 22. Bb6 Rd7 23. f4 Ng6 24. g3 Rc8 25. Rac1 Bc7 26. Be3 Ne7 27. Rxd7 Bxd7 28. Bf3 1/2-1/2

[Event "AUT-chT2W 0506"]
[Site "Austria"]
[Date "2006.01.20"]
[Round "6"]
[White "Leeb, Hans Peter"]
[Black "Hager, Franz"]
[Result "0-1"]
[WhiteElo "2072"]
[BlackElo "2234"]
[PlyCount "62"]
[EventDate "2005.10.08"]
[EventType "team-tourn"]
[EventRounds "11"]
[EventCountry "AUT"]
[SourceTitle "EXT 2007"]
[Source "ChessBase"]
[SourceDate "2006.11.23"]
[SourceVersion "1"]
[SourceVersionDate "2006.11.23"]
[SourceQuality "1"]
[WhiteTeam "Salzburg"]
[BlackTeam "Inter Sbg Sued"]
[WhiteTeamCountry "AUT"]
[BlackTeamCountry "AUT"]

1. c4 f5 2. Nf3 Nf6 3. g3 g6 4. Bg2 Bg7 5. 0-0 0-0 6. d4 d6 7. Nc3 c6 8. b3 Qc7 9. Ba3 a5 10. Rc1 Na6 11. d5 Rb8 12. Nd4 Nb4 13. Qd2 Bd7 14. e4 fxe4 15. Nxe4 Nxe4 16. Bxe4 cxd5 17. cxd5 Qb6 18. Ne6 Bxe6 19. dxe6 Rbc8 20. Rxc8 Rxc8 21. Rc1 Rf8 22. Bxb4 axb4 23. Rc2 Rxf2 24. Qxf2 Bd4 25. Kg2 Bxf2 26. Rxf2 Qe3 27. Bxb7 Qxe6 28. Rd2 Qe3 29. Rf2 e6 30. Bf3 Qd4 31. h3 h5 0-1

[Event "AUT-chT2W 0405"]
[Site "Austria"]
[Date "2005.01.23"]
[Round "8.4"]
[White "Eybl, Alexander"]
[Black "Hager, Franz"]
[Result "1-0"]
[WhiteElo "2259"]
[BlackElo "2224"]
[PlyCount "89"]
[EventDate "2004.10.16"]
[EventType "team-tourn"]
[EventRounds "11"]
[EventCountry "AUT"]
[SourceTitle "EXT 2005"]
[Source "ChessBase"]
[SourceDate "2004.11.15"]
[SourceVersion "1"]
[SourceVersionDate "2004.11.15"]
[SourceQuality "1"]
[WhiteTeam "Woergl"]
[BlackTeam "Salzburg Wuestenrot"]
[WhiteTeamCountry "AUT"]
[BlackTeamCountry "AUT"]

1. Nf3 g6 2. g3 Bg7 3. Bg2 e5 4. d3 d5 5. 0-0 Ne7 6. c4 0-0 7. cxd5 Nxd5 8. Bg5 Qd6 9. Qc1 Nc6 10. Bh6 Bg4 11. Bxg7 Kxg7 12. Nbd2 Rfe8 13. Qc4 Nf6 14. Ng5 Nd8 15. Bxb7 Rb8 16. Bf3 Bxf3 17. Ngxf3 Rxb2 18. Rfc1 Rb7 19. Qa4 Re7 20. Nc4 Qd5 21. Ne3 Qe6 22. Rc5 Nd7 23. Rc2 h6 24. Rac1 Nb6 25. Qh4 f6 26. Qe4 f5 27. Qb4 Nd5 28. Qc5 Nf6 29. Nc4 Nf7 30. Na5 Rb6 31. Nc6 Re8 32. Nxa7 e4 33. Nd4 Qd7 34. Nac6 f4 35. Qc3 Qh3 36. dxe4 Rxc6 37. Nxc6 Rxe4 38. Nd4 Ne5 39. Qxc7+ Nfd7 40. Nf3 Rxe2 41. Nxe5 Rxe5 42. Rd2 Re7 43. Qxf4 Rf7 44. Qd4+ Kh7 45. Rc7 1-0

[Event "AUT-chT2W 0405"]
[Site "Austria"]
[Date "2004.12.04"]
[Round "4.5"]
[White "Hager, Franz"]
[Black "Baerner, Helmut"]
[Result "1-0"]
[WhiteElo "2224"]
[BlackElo "2143"]
[PlyCount "107"]
[EventDate "2004.10.16"]
[EventType "team-tourn"]
[EventRounds "11"]
[EventCountry "AUT"]
[SourceTitle "EXT 2005"]
[Source "ChessBase"]
[SourceDate "2004.11.15"]
[SourceVersion "1"]
[SourceVersionDate "2004.11.15"]
[SourceQuality "1"]
[WhiteTeam "Salzburg Wuestenrot"]
[BlackTeam "Innsbruck"]
[WhiteTeamCountry "AUT"]
[BlackTeamCountry "AUT"]

1. d4 d5 2. c4 c6 3. Nf3 Nf6 4. Qc2 g6 5. g3 Bg7 6. Bg2 Bf5 7. Qb3 Qb6 8. Nc3 dxc4 9. Qxc4 0-0 10. 0-0 Be6 11. Qd3 Qa6 12. Qxa6 Nxa6 13. e4 Rfd8 14. h3 Nb4 15. Rd1 Nc2 16. Rb1 Nb4 17. b3 h6 18. a3 Na6 19. b4 Nc7 20. Bf4 Rac8 21. g4 g5 22. Be5 Nfe8 23. Bxg7 Kxg7 24. a4 f6 25. Ne2 Bc4 26. Ng3 e6 27. Rdc1 Ba6 28. Rc5 Na8 29. b5 b6 30. Rxc6 Rxc6 31. bxc6 Bd3 32. Rc1 Nac7 33. Rc3 Ba6 34. Rc1 b5 35. axb5 Bxb5 36. Rc5 a5 37. d5 exd5 38. Nd4 Bc4 39. Ndf5+ Kf8 40. Rxa5 dxe4 41. Bxe4 Bd5 42. Bxd5 Rxd5 43. Ra4 Nd6 44. Nxh6 Ke7 45. Nhf5+ Nxf5 46. Nxf5+ Kd8 47. Rb4 Nb5 48. Re4 Nc7 49. Kg2 Rd2 50. Re7 Rc2 51. Rd7+ Kc8 52. Ne7+ Kb8 53. Rd8+ Ka7 54. Rd6 1-0

[Event "AUT-chT2W 0203"]
[Site "Austria"]
[Date "2003.03.22"]
[Round "10"]
[White "Gattenloehner, Sebastian"]
[Black "Hager, Franz"]
[Result "1-0"]
[WhiteElo "2216"]
[BlackElo "2265"]
[PlyCount "91"]
[EventDate "2002.10.??"]
[EventType "team-tourn"]
[EventRounds "11"]
[EventCountry "AUT"]
[SourceTitle "EXT 2004"]
[Source "ChessBase"]
[SourceDate "2003.11.25"]
[SourceVersion "1"]
[SourceVersionDate "2003.11.25"]
[SourceQuality "1"]

1. e4 g6 2. d4 d6 3. Nc3 Bg7 4. Be3 a6 5. Qd2 b5 6. h4 h5 7. f3 Nd7 8. a4 b4 9. Nce2 a5 10. Nh3 c5 11. Ng5 Ba6 12. c3 Ngf6 13. Nf4 Bxf1 14. Rxf1 Qb6 15. Kf2 Rc8 16. Kg1 0-0 17. Qf2 cxd4 18. cxd4 Qa6 19. Rfe1 e5 20. Qe2 Qc4 21. Qxc4 Rxc4 22. dxe5 dxe5 23. Nd3 Rfc8 24. Rec1 Ne8 25. Rxc4 Rxc4 26. Rd1 Nef6 27. Rc1 Rxc1+ 28. Nxc1 Ne8 29. Nb3 Bh6 30. Bf2 Nc7 31. Nxa5 f6 32. Nh3 Bc1 33. Nc6 Na6 34. b3 Ba3 35. Kf1 Ndc5 36. Na5 Kf7 37. Ke2 Ke6 38. Kd2 Bb2 39. Kc2 Bc3 40. Nc4 f5 41. Ng5+ Kf6 42. Nb6 Bd4 43. Nd5+ Kg7 44. Be1 fxe4 45. fxe4 Kg8 46. Nxb4 1-0

[Event "AUT-chT qual 02"]
[Site "Absam"]
[Date "2002.04.12"]
[Round "1.4"]
[White "Schulzke, Erich"]
[Black "Hager, Franz"]
[Result "0-1"]
[WhiteElo "2233"]
[BlackElo "2263"]
[PlyCount "62"]
[EventDate "2002.04.12"]
[EventType "team-tourn"]
[EventRounds "3"]
[EventCountry "AUT"]
[SourceTitle "EXT 2003"]
[Source "ChessBase"]
[SourceDate "2002.11.25"]
[SourceVersion "1"]
[SourceVersionDate "2002.11.25"]
[SourceQuality "1"]
[WhiteTeam "Trofaiach Niklasdorf"]
[BlackTeam "Salzburg Wuestenrot"]
[WhiteTeamCountry "AUT"]
[BlackTeamCountry "AUT"]

1. e4 g6 2. d4 d6 3. Nc3 Bg7 4. Be3 a6 5. a4 Nf6 6. Nf3 Ng4 7. Bg5 h6 8. Bf4 Nc6 9. h3 Nf6 10. e5 Nd7 11. e6 fxe6 12. Bd3 Nf8 13. Be3 e5 14. d5 Nb4 15. Be4 e6 16. Nh2 c6 17. dxc6 Nxc6 18. Qd3 Ne7 19. 0-0-0 d5 20. Bc5 Kf7 21. Qf3+ Kg8 22. Bd3 Bd7 23. Be2 Rc8 24. Ba3 Bc6 25. g4 Qc7 26. Qg3 d4 27. Bxe7 Qxe7 28. Nb1 Qc5 29. Qb3 Bd5 30. Qd3 e4 31. Qd2 d3 0-1

[Event "AUT-chT2M 0102"]
[Site "Austria"]
[Date "2001.12.09"]
[Round "5.3"]
[White "Hager, Franz"]
[Black "Bensch, Patrick"]
[Result "1-0"]
[WhiteElo "2261"]
[BlackElo "2280"]
[PlyCount "91"]
[EventDate "2001.11.02"]
[EventType "team-tourn"]
[EventRounds "11"]
[EventCountry "AUT"]
[SourceTitle "EXT 2003"]
[Source "ChessBase"]
[SourceDate "2002.11.25"]
[SourceVersion "1"]
[SourceVersionDate "2002.11.25"]
[SourceQuality "1"]

1. Nf3 c5 2. g3 g6 3. Bg2 Bg7 4. 0-0 Nc6 5. c4 e6 6. Nc3 Nge7 7. d3 h6 8. e4 d6 9. Be3 Nd4 10. Qd2 e5 11. Ne1 Be6 12. f4 exf4 13. gxf4 Qd7 14. Rb1 a5 15. Kh1 h5 16. Nf3 h4 17. Ng5 h3 18. Bf3 Nxf3 19. Rxf3 Bg4 20. Rg3 f6 21. Rbg1 f5 22. d4 Bf6 23. d5 Bxg5 24. fxg5 0-0 25. Bf4 Rae8 26. e5 dxe5 27. Bxe5 Nc8 28. Qf4 Rf7 29. Re3 Rfe7 30. Rge1 Nb6 31. b3 a4 32. Kg1 axb3 33. axb3 Kf7 34. Qf2 Kg8 35. Qf4 Kf7 36. Kf2 Kg8 37. Kg1 Ra8 38. Rg3 Ra3 39. Nb1 Ra2 40. Nc3 Rc2 41. Rf1 Qe8 42. Bd6 Re1 43. Bxc5 Rcc1 44. Qxc1 Rxc1 45. Rxc1 Nd7 46. Re3 1-0

[Event "AUT-chT qual"]
[Site "Jenbach"]
[Date "2001.??.??"]
[Round "3.1"]
[White "Hager, Franz"]
[Black "Unzicker, Ferdinand"]
[Result "1/2-1/2"]
[WhiteElo "2257"]
[BlackElo "2276"]
[PlyCount "92"]
[EventDate "2001.04.20"]
[EventType "team-tourn"]
[EventRounds "3"]
[EventCountry "AUT"]
[SourceTitle "EXT 2003"]
[Source "ChessBase"]
[SourceDate "2002.11.25"]
[SourceVersion "1"]
[SourceVersionDate "2002.11.25"]
[SourceQuality "1"]

1. d4 Nf6 2. c4 e6 3. Nf3 d5 4. Nc3 Bb4 5. e3 Nbd7 6. Bd3 c5 7. 0-0 0-0 8. a3 cxd4 9. exd4 dxc4 10. Bxc4 Be7 11. Qe2 Nb6 12. Ba2 Bd7 13. Ne5 Bc6 14. Nxc6 bxc6 15. Rd1 Nfd5 16. Rd3 Qc7 17. Qe4 Bf6 18. Bd2 Rac8 19. Rc1 Qd6 20. b4 Rfd8 21. h4 Rd7 22. Ne2 Qe7 23. h5 Qd8 24. f4 Ne7 25. Be3 Nbd5 26. Bf2 a5 27. g4 g6 28. bxa5 Qxa5 29. Kg2 Rcd8 30. hxg6 hxg6 31. Rb1 Qa8 32. Qf3 c5 33. dxc5 Qa6 34. Bxd5 Nxd5 35. Rbd1 Ne3+ 36. Rxe3 Rxd1 37. f5 exf5 38. gxf5 g5 39. Ng3 Bd4 40. Qxd1 Qa8+ 41. Qf3 Bxc5 42. Qxa8 Rxa8 43. Rc3 Bxa3 44. Ne4 Ra5 45. Rc8+ Kh7 46. Bd4 Rxf5 1/2-1/2

[Event "AUT-chT2M 9900"]
[Site "Austria"]
[Date "2000.03.19"]
[Round "11.3"]
[White "Hager, Franz"]
[Black "Heimberger, Reinhard"]
[Result "0-1"]
[WhiteElo "2264"]
[BlackElo "2245"]
[PlyCount "94"]
[EventDate "1999.??.??"]
[EventType "team-tourn"]
[EventRounds "11"]
[EventCountry "AUT"]
[SourceTitle "EXT 2004"]
[Source "ChessBase"]
[SourceDate "2003.11.25"]
[SourceVersion "1"]
[SourceVersionDate "2003.11.25"]
[SourceQuality "1"]

1. d4 d5 2. c4 e6 3. Nc3 Nf6 4. Nf3 Be7 5. Bf4 0-0 6. e3 c6 7. Qc2 Nbd7 8. cxd5 Nxd5 9. Nxd5 exd5 10. Bd3 Bb4+ 11. Kf1 Nf6 12. h3 Bd6 13. Be5 g6 14. g4 Bxe5 15. Nxe5 Nd7 16. Nf3 Qe7 17. Rc1 Nf6 18. Kg2 Ne4 19. Nh2 f5 20. f3 Nd6 21. Rhe1 Be6 22. Qc5 Rae8 23. Re2 Qd7 24. a4 a6 25. Rce1 Re7 26. Kg3 Rfe8 27. b3 Qc7 28. Kg2 Rf7 29. Qa3 Ref8 30. Rf1 Qd7 31. Rfe1 fxg4 32. hxg4 Ne8 33. Kh1 Rxf3 34. Nxf3 Rxf3 35. g5 Bf5 36. Bxf5 Qxf5 37. Rg2 Qe4 38. Kg1 Rxe3 39. Rf1 Qe7 40. Qxe7 Rxe7 41. Rgf2 Nd6 42. Rf8+ Kg7 43. Rb8 Ne4 44. Re1 Rf7 45. Rxe4 dxe4 46. Re8 Rf4 47. Re7+ Kf8 0-1

[Event "AUT-chT2M 9900"]
[Site "Austria"]
[Date "2000.02.12"]
[Round "8.4"]
[White "Enoeckl, Philipp"]
[Black "Hager, Franz"]
[Result "0-1"]
[WhiteElo "2133"]
[BlackElo "2264"]
[PlyCount "58"]
[EventDate "1999.??.??"]
[EventType "team-tourn"]
[EventRounds "11"]
[EventCountry "AUT"]
[SourceTitle "EXT 2004"]
[Source "ChessBase"]
[SourceDate "2003.11.25"]
[SourceVersion "1"]
[SourceVersionDate "2003.11.25"]
[SourceQuality "1"]

1. d4 f5 2. c4 Nf6 3. Nc3 e6 4. g3 d5 5. Bg2 c6 6. Nf3 Bd6 7. 0-0 0-0 8. e3 b6 9. b3 Ba6 10. Nd2 Nbd7 11. Bb2 Qe7 12. Re1 Rac8 13. Rc1 Bb7 14. Nf3 Rcd8 15. Qc2 Ne4 16. Ne2 Rf6 17. Nf4 Rh6 18. Ne5 g5 19. Nfd3 Qe8 20. f3 Nef6 21. e4 dxe4 22. fxe4 fxe4 23. Bxe4 Nxe4 24. Rxe4 c5 25. Re3 Nxe5 26. Nxe5 cxd4 27. Ng4 Rg6 28. Bxd4 Qc6 29. Qe4 Qxe4 0-1

[Event "AUT-chT2M 0001"]
[Site "Austria"]
[Date "2000.??.??"]
[Round "1"]
[White "Loeffler, Christoph"]
[Black "Hager, Franz"]
[Result "1/2-1/2"]
[WhiteElo "2140"]
[BlackElo "2255"]
[PlyCount "22"]
[EventDate "2000.??.??"]
[EventType "team-tourn"]
[EventRounds "9"]
[EventCountry "AUT"]
[SourceTitle "EXT 2003"]
[Source "ChessBase"]
[SourceDate "2002.11.25"]
[SourceVersion "1"]
[SourceVersionDate "2002.11.25"]
[SourceQuality "1"]

1. e4 c5 2. Nc3 Nc6 3. f4 g6 4. Nf3 Bg7 5. Bc4 e6 6. f5 Nge7 7. fxe6 fxe6 8. 0-0 0-0 9. d3 d5 10. Bb3 b5 11. Nxb5 Qb6 1/2-1/2

[Event "AUT-chT2M 9899"]
[Site "Austria"]
[Date "1999.01.24"]
[Round "7"]
[White "Knoll, Hermann"]
[Black "Hager, Franz"]
[Result "0-1"]
[WhiteElo "2325"]
[BlackElo "2240"]
[PlyCount "86"]
[EventDate "1998.11.??"]
[EventType "team-swiss"]
[EventRounds "11"]
[EventCountry "AUT"]
[SourceTitle "EXT 2000"]
[Source "ChessBase"]
[SourceDate "1999.11.16"]
[SourceVersion "1"]
[SourceVersionDate "1999.11.16"]
[SourceQuality "1"]

1. Nf3 f5 2. g3 Nf6 3. Bg2 d6 4. d4 c6 5. 0-0 Qc7 6. c4 e5 7. Nc3 Be7 8. dxe5 dxe5 9. e4 0-0 10. Qb3 Na6 11. Qc2 f4 12. a3 Nc5 13. gxf4 exf4 14. b4 Ne6 15. e5 Ng4 16. Qe2 Ng5 17. Re1 a5 18. Nxg5 Bxg5 19. Bf3 Nxe5 20. Qxe5 Qxe5 21. Rxe5 Bf6 22. Rxa5 Rxa5 23. bxa5 Bxc3 24. Rb1 Bxa5 25. h3 Re8 26. Bb2 Bxh3 27. Kh2 Bf5 28. Rg1 g6 29. Bc1 Be4 30. Bg4 Bc7 31. f3 Bd3 32. c5 Re2+ 33. Kh3 Rc2 34. Rd1 Be2 35. Rd7 Be5 36. Bd2 Bf1+ 37. Kh2 Bc4 38. Kg1 Bd5 39. Bb4 h5 40. Rd8+ Kf7 41. Bc8 Bxf3 42. Bxb7 Bd5 43. Ba6 f3 0-1

[Event "Graz op-A"]
[Site "Graz"]
[Date "1999.??.??"]
[Round "2"]
[White "Bagaturov, Giorgi"]
[Black "Hager, Franz"]
[Result "1-0"]
[WhiteElo "2530"]
[BlackElo "2240"]
[PlyCount "41"]
[EventDate "1999.09.17"]
[EventType "swiss"]
[EventRounds "9"]
[EventCountry "AUT"]
[SourceTitle "EXT 2001"]
[Source "ChessBase"]
[SourceDate "2000.11.22"]
[SourceVersion "1"]
[SourceVersionDate "2000.11.22"]
[SourceQuality "1"]

1. d4 Nf6 2. c4 g6 3. Nf3 Bg7 4. g3 d6 5. Bg2 0-0 6. Nc3 c6 7. 0-0 Qa5 8. h3 Qb4 9. Nd2 Be6 10. e4 Na6 11. Qe2 Qb6 12. Nf3 Qb4 13. d5 cxd5 14. cxd5 Bd7 15. a3 Qa5 16. Be3 Rfc8 17. Bd4 Nc5 18. b4 Qa6 19. bxc5 Qxe2 20. Nxe2 dxc5 21. Bxf6 1-0

[Event "Graz op-A"]
[Site "Graz"]
[Date "1999.??.??"]
[Round "1"]
[White "Hager, Franz"]
[Black "Berchtold, Guenter"]
[Result "1-0"]
[WhiteElo "2240"]
[BlackElo "2045"]
[PlyCount "41"]
[EventDate "1999.09.17"]
[EventType "swiss"]
[EventRounds "9"]
[EventCountry "AUT"]
[SourceTitle "EXT 2001"]
[Source "ChessBase"]
[SourceDate "2000.11.22"]
[SourceVersion "1"]
[SourceVersionDate "2000.11.22"]
[SourceQuality "1"]

1. d4 d5 2. c4 c6 3. Nf3 Nf6 4. e3 e6 5. Nc3 Nbd7 6. Qc2 Be7 7. b3 b6 8. Bd3 Bb7 9. Bb2 c5 10. 0-0 dxc4 11. bxc4 Bxf3 12. gxf3 cxd4 13. exd4 Bd6 14. Nb5 Bb8 15. Ba3 Bxh2+ 16. Kxh2 Ne4 17. Rh1 Qh4+ 18. Kg2 Qg5+ 19. Kf1 Nd2+ 20. Ke2 Nxf3 21. Nd6+ 1-0

[Event "Graz op-A"]
[Site "Graz"]
[Date "1999.??.??"]
[Round "5"]
[White "Hager, Franz"]
[Black "Fahrner, Kurt"]
[Result "0-1"]
[WhiteElo "2240"]
[BlackElo "2345"]
[PlyCount "32"]
[EventDate "1999.09.17"]
[EventType "swiss"]
[EventRounds "9"]
[EventCountry "AUT"]
[SourceTitle "EXT 2001"]
[Source "ChessBase"]
[SourceDate "2000.11.22"]
[SourceVersion "1"]
[SourceVersionDate "2000.11.22"]
[SourceQuality "1"]

1. d4 d5 2. c4 c6 3. Nf3 Nf6 4. Nc3 dxc4 5. a4 Na6 6. Ne5 Bf5 7. f3 Nd7 8. Nxc4 e5 9. e4 exd4 10. Qxd4 Nb4 11. Qd1 Be6 12. Bf4 Nc5 13. Nd6+ Bxd6 14. Bxd6 Ncd3+ 15. Bxd3 Qxd6 16. Be2 Qc5 0-1

[Event "Graz op-A"]
[Site "Graz"]
[Date "1999.??.??"]
[Round "6"]
[White "Hoellrigl, Wilfried"]
[Black "Hager, Franz"]
[Result "1-0"]
[WhiteElo "2225"]
[BlackElo "2240"]
[PlyCount "79"]
[EventDate "1999.09.17"]
[EventType "swiss"]
[EventRounds "9"]
[EventCountry "AUT"]
[SourceTitle "EXT 2001"]
[Source "ChessBase"]
[SourceDate "2000.11.22"]
[SourceVersion "1"]
[SourceVersionDate "2000.11.22"]
[SourceQuality "1"]

1. e4 g6 2. d4 Bg7 3. Nc3 c6 4. Bc4 b5 5. Bb3 d6 6. Nf3 b4 7. Ne2 Nf6 8. e5 Nd5 9. 0-0 Bg4 10. Nf4 dxe5 11. dxe5 e6 12. Nxd5 cxd5 13. h3 Bxf3 14. Qxf3 Nd7 15. Re1 Nxe5 16. Ba4+ Kf8 17. Qf4 Qb8 18. Be3 Nc4 19. Bc5+ Kg8 20. Qg5 h6 21. Qg4 h5 22. Qg5 Nxb2 23. Bc6 Qc7 24. Bxa8 Qxc5 25. Bb7 Qb6 26. Bc8 Kh7 27. Bd7 Rd8 28. Bxe6 fxe6 29. Rxe6 Qxe6 30. Qxd8 Qe4 31. Rc1 a6 32. Qc8 Qc4 33. Qb7 a5 34. Re1 Qxa2 35. Re7 Qa1+ 36. Kh2 Nd1 37. Qxd5 Nxf2 38. Qf7 Nd1 39. Re6 Kh8 40. Qxg6 1-0

[Event "AUT-chT2M 9899"]
[Site "Austria"]
[Date "1998.11.28"]
[Round "2"]
[White "Hager, Franz"]
[Black "Bensch, Patrick"]
[Result "0-1"]
[WhiteElo "2240"]
[BlackElo "2255"]
[PlyCount "40"]
[EventDate "1998.11.??"]
[EventType "team-swiss"]
[EventRounds "11"]
[EventCountry "AUT"]
[SourceTitle "EXT 2000"]
[Source "ChessBase"]
[SourceDate "1999.11.16"]
[SourceVersion "1"]
[SourceVersionDate "1999.11.16"]
[SourceQuality "1"]

1. d4 Nf6 2. c4 e6 3. Nf3 d5 4. Nc3 c6 5. e3 Nbd7 6. Qc2 Bd6 7. Bd3 dxc4 8. Bxc4 a6 9. e4 b5 10. Bxe6 fxe6 11. e5 Be7 12. exf6 Nxf6 13. 0-0 0-0 14. Re1 Qb6 15. Ne4 Nxe4 16. Rxe4 c5 17. d5 Rf5 18. dxe6 Bb7 19. Rg4 Qxe6 20. Bh6 Rf7 0-1

[Event "AUT-chT2M 9899"]
[Site "Austria"]
[Date "1998.11.27"]
[Round "1"]
[White "Hager, Franz"]
[Black "Vlasak, Reinhard"]
[Result "1/2-1/2"]
[WhiteElo "2240"]
[BlackElo "2210"]
[PlyCount "86"]
[EventDate "1998.11.??"]
[EventType "team-swiss"]
[EventRounds "11"]
[EventCountry "AUT"]
[SourceTitle "EXT 2000"]
[Source "ChessBase"]
[SourceDate "1999.11.16"]
[SourceVersion "1"]
[SourceVersionDate "1999.11.16"]
[SourceQuality "1"]

1. Nf3 d5 2. c4 e6 3. g3 c5 4. Bg2 Nc6 5. 0-0 Nf6 6. b3 Be7 7. Bb2 0-0 8. d3 Re8 9. Nbd2 Bf8 10. cxd5 exd5 11. Rc1 Bg4 12. h3 Bh5 13. g4 Bg6 14. Nh4 d4 15. Nxg6 hxg6 16. Ne4 Nxe4 17. dxe4 Qa5 18. a3 Qb6 19. Rb1 Rad8 20. Bc1 Be7 21. Qc2 Ne5 22. f4 d3 23. exd3 Nxd3 24. Be3 Qa6 25. Rfd1 Rd7 26. Bf1 Red8 27. Rd2 c4 28. Qxc4 Qxc4 29. bxc4 Bxa3 30. Rxd3 Rxd3 31. Bxd3 Rxd3 32. Bxa7 Rc3 33. c5 Bxc5+ 34. Bxc5 Rxc5 35. Rxb7 Rc4 36. Rb8+ Kh7 37. Re8 Rc3 38. Kg2 Rc2+ 39. Kg3 Rc3+ 40. Kg2 Rc2+ 41. Kg3 Rc3+ 42. Kh4 Rf3 43. f5 f6 1/2-1/2

[Event "AUT-chT2W 9798"]
[Site "Austria"]
[Date "1998.??.??"]
[Round "11"]
[White "Hager, Franz"]
[Black "Kupfner, Franz"]
[Result "1/2-1/2"]
[WhiteElo "2235"]
[BlackElo "2125"]
[PlyCount "22"]
[EventDate "1997.??.??"]
[EventType "team-tourn"]
[EventRounds "11"]
[EventCountry "AUT"]
[SourceTitle "EXT 1999"]
[Source "ChessBase"]
[SourceDate "1998.11.16"]
[SourceVersion "1"]
[SourceVersionDate "1998.11.16"]
[SourceQuality "1"]

1. d4 Nf6 2. c4 g6 3. Nc3 Bg7 4. e4 d6 5. Be2 0-0 6. Bg5 Nbd7 7. Qd2 c5 8. d5 Qa5 9. Nf3 a6 10. a4 b5 11. cxb5 axb5 1/2-1/2

[Event "AUT-chT2W 9697"]
[Site "Austria"]
[Date "1997.??.??"]
[Round "7"]
[White "Hager, Franz"]
[Black "Fuchs, Georg"]
[Result "0-1"]
[WhiteElo "2240"]
[BlackElo "2210"]
[PlyCount "94"]
[EventDate "1996.??.??"]
[EventType "team-tourn"]
[EventRounds "11"]
[EventCountry "AUT"]
[SourceTitle "EXT 1998"]
[Source "ChessBase"]
[SourceDate "1997.11.17"]
[SourceVersion "1"]
[SourceVersionDate "1997.11.17"]
[SourceQuality "1"]

1. d4 d5 2. c4 e6 3. Nc3 Nf6 4. Nf3 Be7 5. Bf4 0-0 6. e3 b6 7. cxd5 exd5 8. Be2 Bb7 9. 0-0 c5 10. Ne5 Nc6 11. dxc5 bxc5 12. Bf3 Nxe5 13. Bxe5 Ne4 14. Nxe4 dxe4 15. Be2 Qb6 16. Qd7 Rfe8 17. Bc4 Ba6 18. Bc7 Qf6 19. Bxa6 Qxa6 20. Rfd1 Bf6 21. Qd6 Qb7 22. Rd2 Rac8 23. Ba5 Qb5 24. Bc3 Rcd8 25. a4 Qb3 26. Qc6 Bxc3 27. bxc3 Qxc3 28. Rad1 Qa5 29. Qxe4 h6 30. Rxd8 Rxd8 31. Rxd8+ Qxd8 32. h4 Qd1+ 33. Kh2 Qd7 34. h5 Qc8 35. Qc4 Qf5 36. Qh4 Qd5 37. e4 Qd6+ 38. f4 c4 39. e5 Qc7 40. Qe1 Qc6 41. f5 c3 42. Qg3 c2 43. f6 g6 44. hxg6 c1Q 45. gxf7+ Kxf7 46. Qg7+ Ke6 47. Qe7+ Kf5 0-1